Score 0/30 Timer 04:00
0 Plays Today
Hint Answer % Correct
We Can ___ It OutWork
90.7%
(You ___ Me) CrazyDrive
87.2%
I ___ My Heart in San FranciscoLeft
86.2%
Breaking Up Is Hard to ___Do
85%
King of the ___Road
84.1%
___ the Good Die YoungOnly
83.1%
Takin' ___ of BusinessCare
82.5%
___ That Funky MusicPlay
81.3%
You ___ Me On, I'm a RadioTurn
69.9%
Who'll ___ the RainSTOP
69.2%
___ Man's CurveDead
69%
Take It to the ___Limit
65.8%
___ a Little LuckWith
62.1%
West ___ GirlsEnd
60.4%
___ SandmanEnter
58.7%
Hint Answer % Correct
She's ___ ThereNot
57.4%
Life Begins ___ the HopAt
55.6%
Love on the ___Rocks
54.9%
___ of SoundSpeed
54.3%
___ Ya Head UpKeep
52.4%
___ in Love (Is Hard on the Knees)Falling
46.3%
___ RideSlow
45.9%
___ the DutchiePass
42.4%
Breakdown Dead ___Ahead
41.3%
I Can't Drive ___55
40.5%
___ DancerPrivate
39.1%
Bloody Well ___Right
38.6%
___ of the RevolutionChildren
36.7%
Don't Get Me ___Wrong
34.5%
Love My ___Way
22%

Today's Daily Dose

You're not logged in!

Compare scores with friends on all Sporcle quizzes.
OR
Log In

Sporcle TV

Today on Sporcle TV


Watch our educational content, quiz creation guides, and fun videos on Sporcle TV.

Show Comments

Extras

Top Quizzes Today


Score Distribution

Your Account Isn't Verified!

In order to create a playlist on Sporcle, you need to verify the email address you used during registration. Go to your Sporcle Settings to finish the process.

Report this User

Report this user for behavior that violates our Community Guidelines.

Details: